Solid state chemistry and physics; (Record no. 183378)

000 -LEADER
fixed length control field 00695 a2200217 4500
003 - CONTROL NUMBER IDENTIFIER
control field Nust
005 - DATE AND TIME OF LATEST TRANSACTION
control field 20221011123118.0
010 ## - LIBRARY OF CONGRESS CONTROL NUMBER
LC control number 77021392
020 ## - INTERNATIONAL STANDARD BOOK NUMBER
International Standard Book Number 0070429251
040 ## - CATALOGING SOURCE
Transcribing agency Nust
082 00 - DEWEY DECIMAL CLASSIFICATION NUMBER
Classification number 540,SOL
100 1# - MAIN ENTRY--PERSONAL NAME
Personal name Moore, John W.
9 (RLIN) 99868
245 10 - TITLE STATEMENT
Title Solid state chemistry and physics;
Remainder of title an introduction Vol.1 /
Statement of responsibility, etc. edited by Paul F. Weller.
260 ## - PUBLICATION, DISTRIBUTION, ETC.
Place of publication, distribution, etc. New York :
Name of publisher, distributor, etc. McGraw-Hill,
Date of publication, distribution, etc. c1978.
300 ## - PHYSICAL DESCRIPTION
Extent xii, 500p. :
Other physical details ill. ;
Dimensions 25 cm.
505 ## - FORMATTED CONTENTS NOTE
Formatted contents note Part 1: Concepts and Properties (Page-1), Part-2: Physical Properties and Imperfections (Page-189),
650 #0 - SUBJECT ADDED ENTRY--TOPICAL TERM
Topical term or geographic name entry element Chemistry.
700 1# - ADDED ENTRY--PERSONAL NAME
Personal name Collins, Ronald W.,
9 (RLIN) 99869
700 1# - ADDED ENTRY--PERSONAL NAME
Personal name Davies, William G.,
9 (RLIN) 99870
942 ## - ADDED ENTRY ELEMENTS (KOHA)
Source of classification or shelving scheme
Koha item type Book
Holdings
Withdrawn status Lost status Source of classification or shelving scheme Damaged status Not for loan Permanent Location Current Location Shelving location Date acquired Full call number Barcode Date last seen Price effective from Koha item type Public note
          Military College of Signals (MCS) Military College of Signals (MCS) General Stacks 12/12/2016 540,SOL MCS7035 12/08/2016 12/12/2016 Book Almirah No.25, Shelf No.2
© 2023 Central Library, National University of Sciences and Technology. All Rights Reserved.